000 00700nam a22002297a 4500
003 DO-SdBNP
005 20180201141852.0
008 160704b 2011 sp||| 00| 0 spa d
020 _a9788466318150
040 _aBPMSU
_bspa
_cBPMSU
100 1 _aBuck, Pearl S.
245 1 _aPabellón de mujeres /
_cPearls S. Buck ; traducción Isabel Murillo Fort
250 _a3a ed.
260 _aEspaña :
_bSantillana ediciones generales,
_c2011.
300 _a527 p. ;
_c19 cm.
490 1 _aPunto de lectura
_v187/1
700 1 _aMurillo Fort, Isabel,
_etr.
830 0 _aPunto de lectura
_n187/1
942 _2ddc
_cBK
945 _aInventariado, 2018 / BT
956 _aBTAVÁREZ
_b10
_d20160406
_fBPMSU
_h0038
999 _c10655
_d10655